000 00958cam a22003013a 4500
001 32066
003 PGUSA
005 20140828083708.0
008 100420s2010||||xxu|||||s|||||000 | eng d
040 _aPGUSA
_beng
042 _adc
050 4 _aE011
050 4 _aF1201
100 1 _aNuttall, Zelia,
_d1858-1933
245 1 4 _aThe Fundamental Principles of Old and New World Civilizations :
_bA Comparative Research Based on a Study of the Ancient Mexican Religious, Sociological, and Calendrical Systems
_h[electronic resource] /
_cZelia Nuttall
260 _bProject Gutenberg,
_c2010
506 _aPublic domain in the USA.
516 _aElectronic text
653 _aMayas -- Antiquities
653 _aCivilization -- History
653 _aSwastikas
653 _aMythology
653 _aCalendar -- Mexico
653 _aCalendar
830 0 _aProject Gutenberg
_v32066
856 4 0 _uhttp://www.gutenberg.org/ebooks/32066
942 _cEB
999 _c261321
_d261321